| 000 | 00581nam a2200169Ia 4500 | ||
|---|---|---|---|
| 008 | 180921t2014 xxu||||| |||| 00| 0 sin d | ||
| 041 | _asin | ||
| 080 |
_a159.9 _bMAD |
||
| 100 | _aMadurasingha,Dayarathna | ||
| 245 | _aපාසල් අධ්යාපනයෙන් ජයගැනුමට නොවරදින එකම මග | ||
| 246 | _aPasal Adyapanayen Jayaganumata Nowaradina Ekama Maga | ||
| 260 |
_bSwayan Shakthi Wardhanathmaka Ayathanaya _aKadawatha _c2014 |
||
| 300 | _b151p, 21cm | ||
| 942 | _cBK | ||
| 999 |
_c3367 _d3367 |
||
| 003 | LK-CoDNM | ||
| 040 |
_aLK-CoDNM _dLK-CoDNM _eLK-CoDNM |
||